Quizzes
Events
Quiz Creation
Community
Videos
Private Events
Remove Ads
Sign In
Join for FREE
Feedback
Dark Mode
Quiz Categories
Sports
Geography
Music
Movies
Television
Just For Fun
Miscellaneous
History
Literature
Language
Science
Gaming
Entertainment
Religion
Holiday
For Kids
Quiz Lab
Recent
Popular Today
Quiz Kudos Today
Editor Picks
Curator Picks
Quizzes by...
Day
Popularity
Type
Ratings
Length
Year
Community
Subscriptions
Recent Discussions
Orange Saloon
Badges
Playlists
Quests
Create
Leaderboards
Showdown
Live 5
Trivia Bingo
Activity
Puzzle Library
Sporcle Events
Private Events
Virtual Trivia
Globe League
Become a Host
Pub Owners
SporcleCon
Opinionation
Our Games
Videos
Blog
Mobile Apps
Partnerships
Remove Ads and Go Orange
Feedback
Literature
Harry Potter
A Song of Ice and Fire
The Hunger Games
Literary Character
Shakespeare
Book
Author
Novel
Poem
Young Adult
Children's Books
Play
Lord of the Rings
Literature
Harry Potter
A Song of Ice and Fire
The Hunger Games
Literary Character
Shakespeare
Book
Author
Novel
Poem
Young Adult
Children's Books
Play
Lord of the Rings
Random Quiz
Search Sporcle
×
Quiz Lab
Quiz Lab
Literature
Young Adult
Type in answers that appear in a list
Type in answers that appear in a list
Classic
Best Score? Go Orange.
Protector of the Small Stats
Can you name the trivia about Tamora Pierce's Protector of the Small Quartet?
By
Bananagram
8m
26 Questions
970 Plays
970 Plays
970 Plays
Comments
Comments
Give Quiz Kudos
Give Quiz Kudos
-
- Ratings
hide this ad
More Info
Replay
Link that replays current quiz
Next Quiz
Link to next quiz in quiz playlist
You Got
0%
They Got
Avg Score
79%
Avg Friend Score
Upgrade to see
Score Distribution
Jump to the score distribution portion of the page
Score
0/26
Timer
08:00
0
Plays Today
Clues
Answer
% Correct
Her name
Keladry
98.7%
The only other female knight
Alanna of Pirate's Swoop and Olau
92.9%
Book 3
Squire
90.3%
Book 2
Page
90.1%
Her best friend
Neal of Queenscove
89.8%
Book 4
Lady Knight
88.8%
Book 1
The First Test
88.2%
The wildmage
Veralidaine Sarrasri
88%
The Knight Commander of the King's Own
Raoul of Goldenlake and Malorie's Peak
85.6%
King at the time of these books
King Jonathan IV
84%
The Commander of the Queen's Riders
Buriram Tourakom
83.9%
Her love interest in the 3rd book
Cleon of Kennon
83.7%
Her fief
Mindelan
82.2%
Clues
Answer
% Correct
Her first horse
Peachblossom
81.7%
Her weapon of choice
Glaive
80.2%
Her dog
Jump
76.8%
The country Tortall is at war with
Scanra
74%
Her maid
Lalasa
73.2%
What decides who is a knight and who is not
The Chamber of Ordeal
71.9%
The sparrow leader's name
Crown
70%
Her immortal 'pet'
a griffin
69.8%
White-
blonde nemesis
Joren of Stone Mountain
68.4%
The training master
Wyldon of Cavall
68%
Her red-
headed and hot-
headed friend
Merric of Hollyrose
65.3%
Her Yamani friend
Yukimi
62%
Her serving boy
Tobeis Boon
55.6%
Quiz Playlist
Details
Report
Send in Message
Add To Playlist
More Info:
Just a little quiz about Pierce's last Tortall quartet.
Classic:
Type in answers that appear in a list
Last Updated: Feb 16, 2017
Quiz Scoreboard
CHALLENGE
Sign Up to Join the Scoreboard
Show All
Scores
Hide
Comments
May contain spoilers
Recently Published
College Basketball Coaching Resumes
by pancakes188
Sports
9m
Billboard Blitz: Fleetwood Mac
by CooCooCachoo
Music
15s
Presidents Visiting Landmarks
by Hejman
History
7m
More to Explore
Quiz From the Vault
Featured Blog Post
Where Did the Easter Bunny Come From?
hide this ad
You Might Also Like...
Tags
Young Adult Quiz
Pierce
protector
Quartet
small
Tamora Pierce
Today's Top Quizzes in Literature
Browse Literature
hide this ad
Today's Top Quizzes in Young Adult
Browse Young Adult
Top Contributed Quizzes in Literature
1
Sneaky Slytherin Logic Puzzle
2
Get The Picture: Black or White Literature
3
5-to-1: Plays
4
A Court of Thorns and Roses (ACoTaR) Logic Puzzle
5
One Thing in Common: Literature
6
One Thing in Common: Literature 3
7
One Thing in Common: Literature II
8
One Thing in Common: Books
9
Literary Siblings Odd One Out III
10
Harry Potter Neighbourly Logic Puzzle #5
Explore More
Trending Topics
Crossword
Kpop
Anime
Marvel
NBA
Harry Potter
Disney
Puzzle
Country
Song
NFL
WWE
Soccer
The Office
Pokémon
hide this ad
More By:
Bananagram
Quiz
Plays
Rating
Category
Featured
Created
Protector of the Small
970
3.80
Literature
Mar 28, 2010
Keane Lyrics
928
3.60
Music
Mar 4, 2010
Shoebox Project quotes
357
Literature
Mar 10, 2010
Go to Creator's Profile
Score Distribution
Quiz Creator Spotlight
Bananagram
Follow
Send a Message
Quizzes Created
-
Created Quiz Play Count
-
More By This Creator
Popular Quizzes Today
1
Find the US States - No Outlines Minefield
2
Find the Countries of Europe - No Outlines Minefield
3
The Countries of the World
4
Find the US States
5
Risky Map Clicking: Biggest States A-Z
6
US States
7
Popular People in 1961
8
Movies - When Are They Set?
More Literature Quizzes
Time Magazine Covers: Literature
Published
Trending Quizzes
Risky Map Clicking: Least Populous States A-Z
1-10 Letter G Words
1-10 Letter F Words
Risky Map Clicking: Next State Alphabetically
Risky Map Clicking: Biggest States A-Z
Recently Updated
Leaping Animals
pecheneg
Reality TV Shows (A-Z)
bhenderson79
Rickey Henderson's Hall of Fame Teammates
pecheneg
Champions League XIs: Arsenal
pecheneg
Quick Pick: Celebrities in WWE's Hall of Fame
aduchscher
A-Z Keypad Blitz II
pecheneg
Multiple Oscar Actors
pecheneg
Mystery Phrase Blitz: Oscar 'Best Actors'
pecheneg
F. Scott Fitzgerald Novels
LTH
Pick 3 Villains
ddd62291
Trending Topics
Disney
Anime
Marvel
Harry Potter
Kpop
Crossword
NBA
Pokémon
Soccer
WWE
NFL
Puzzle
Song
The Office
Country
Your Account Isn't Verified!
In order to create a playlist on Sporcle, you need to verify the email address you used during registration. Go to your
Sporcle Settings
to finish the process.
Report this User
Report this user for behavior that violates our
Community Guidelines
.
Details:
Send Report
Go to the Sporcle.com Mobile Site →
Comments